Countries With the Highest Tertiary Education Rates - Statistics

General Stats
  • This quiz has been taken 18 times
  • The average score is 11 of 18
Answer Stats
Tertiary Education Rate (% of Population Aged 25-65) Country Population With Tertiary Education % Correct
47.2% Japan 58.1 Million
94%
58.3% South Korea 30.1 Million
94%
60.9% United States 211 Million
94%
51.3% Canada 20.6 Million
76%
39.8% New Zealand 2.09 Million
76%
69.8% Russia 101 Million
76%
52% Singapore 3.05 Million
71%
51.4% Iceland 205 Thousand
65%
50.3% Ireland 2.67 Million
65%
33% Switzerland 2.96 Million
65%
51.9% Taiwan 12 Million
59%
34.5% Belgium 3.28 Million
53%
49% Ukraine 19.1 Million
53%
33% Greece 3.28 Million
47%
36.5% Israel 3.47 Million
41%
33% Lithuania 934 Thousand
35%
32.8% Kazakhstan 6.84 Million
18%
38.7% Cyprus 530 Thousand
12%
No matching quizzes found
Score Distribution
Percent of People with Each Score
Percentile by Number Answered
Your Score History
You have not taken this quiz